|
|
|
|
| LEADER |
00621nta a2200157 i 4500 |
| 001 |
dipl20030 |
| 005 |
20190502082532.0 |
| 008 |
111212s1980 hu om 0|| zxx d |
| 040 |
|
|
|a SZTE Diploma Repozitórium
|b hun
|
| 041 |
|
|
|a zxx
|
| 100 |
1 |
|
|a Fekete Erzsébet
|
| 245 |
1 |
3 |
|a Az államigazgatási alapnyilvántartások néhány kérdése, a népességnyilvántartás hazai gyakorlata
|h [elektronikus dokumentum] /
|c Erzsébet Fekete
|
| 260 |
|
|
|c 1980
|
| 650 |
|
4 |
|a Jogi és igazgatási tanulmányok
|
| 700 |
1 |
|
|a nincs megadva
|e ths
|
| 856 |
4 |
0 |
|u http://diploma.bibl.u-szeged.hu/id/eprint/20030/1/1980_fekete_erzsebet.pdf
|z Dokumentum-elérés
|